| Registos Bibliográficos associados ao registo de autoridade |
|
Etiqueta de registo: 00254nam 2200025 450 001 2180301 003 http://id.bnportugal.gov.pt/bib/catbnp/2180301 010 ## $a978-989-53723-1-7 021 ## $aPT$b532292/24 100 ## $a20240827d2024 m y0pory01030103ba 101 0# $aeng$apor$afre 102 ## $aPT 105 ## $aa b 000yy 106 ## $ar 200 1# $aOn abstraction [or excessive concern abou an object]$dDa abstracção [ou a ocupação em demasia com um objecto]$fensaios Alexandra Costa... [et al.]$gfot. António Dias... [et al.]$zpor 210 #9 $a[S.l.]$cCentro de Estudos Arnaldo Araújo,$dD.L. 2024 215 ## $a201, [7] p.$cil.$d23 cm 510 1# $aDa abstracção [ou a ocupação em demasia com um objecto]$zpor 675 ## $a7.038.5A/Z"19/20"(083.82)$vBN$zpor$31399655 675 ## $a7.038.04(042)$vBN$zpor$31930558 702 #1 $98$aCosta,$bAlexandra$4070$31926265 702 #1 $94$aDias,$bAntónio$4600$31355839 801 #0 $aPT$bBN$gRPC 856 41 $uhttp://rnod.bnportugal.gov.pt/ImagesBN/winlibimg.aspx?skey=&doc=2180301&img=199265&save=true 900 ## $aBIBNAC$d20241029 966 ## $lBN$mFGMON$sB.A. 51613 V.$x1 966 ## $lBN$mFGMON$sB.A. 51613 V.-D$x1 971 ## $cjbeatriz$d20240827 972 ## $e0$z0$d20241029$viquintas 973 ## $ctrodrigues$d20241007
Etiqueta de registo: 00254nam 2200025 450 001 2284633 003 http://id.bnportugal.gov.pt/bib/catbnp/2284633 010 ## $a978-989-36707-0-5 021 ## $aPT$b559014/26 100 ## $a20260417d2026 m y0pory01030103ba 101 0# $apor$aeng$afre 102 ## $aPT 105 ## $aa b 000yy 106 ## $ar 200 1# $aPecados e capitais ou uma certa névoa para espaços vazios$dSins and capitals or a certain myst for empty spaces$fartistas Alexandra Costa... [et al.]$gensaios críticos Carl Olsson... [et al.]$gensaios visuais Dária Salgado... [et al.]$gfot. António Alves... [et al.]$zeng 205 ## $a1ª ed 210 #9 $aPorto$cCentro de Estudos Arnaldo Araújo,$d2026 215 ## $a309, [3] p.$cil.$d24 cm 510 1# $aSins and capitals or a certain myst for empty spaces$zeng 702 #1 $98$aCosta,$bAlexandra$4040$31926265 702 #1 $aOlsson,$bCarl$4212$31997183 702 #1 $aSalgado,$bDária Joana Teixeira$4205$31414570 702 #1 $92$aAlves,$bAntónio$4600$31145794 801 #0 $aPT$bBN$gRPC 966 ## $lBN$mFGMON$x1 971 ## $cssilva$d20260417
|
|
|